Proyecto de ley general sobre medio ambiente y recursos naturales. Decreto 152-98 / (Record no. 62969)

MARC details
000 -LEADER
campo de control de longitud fija 00917cam a2200217 4500
001 - NÚMERO DE CONTROL
campo de control 3460
005 - FECHA Y HORA DE LA ÚLTIMA TRANSACCIÓN
campo de control 20230410123519.0
008 - DATOS DE LONGITUD FIJA--INFORMACIÓN GENERAL
campo de control de longitud fija 060907n1999 dr spa
035 ## - NÚMERO DE CONTROL DEL SISTEMA
-- funglode3474
041 ## - CÓDIGO DE IDIOMA
Código de lengua del texto/banda sonora o título independiente spa
050 14 - SIGNATURA TOPOGRÁFICA DE LA BIBLIOTECA DEL CONGRESO
Número de clasificación KGQ 3421
Número de ítem R426p 1999
110 2# - ENTRADA PRINCIPAL--NOMBRE DE ENTIDAD CORPORATIVA
Nombre de entidad corporativa o nombre de jurisdicción como elemento de entrada República Dominicana. Comisión Presidencial para la Reforma y Modernización del Estado.
245 10 - MENCIÓN DEL TÍTULO
Título Proyecto de ley general sobre medio ambiente y recursos naturales. Decreto 152-98 /
Mención de responsabilidad, etc. Comisión Coordinadora Sector Recursos Naturales y Medio Ambiente (COSERENAMA)
260 ## - PUBLICACIÓN, DISTRIBUCIÓN, ETC.
Lugar de publicación, distribución, etc. Santo Domingo :
Nombre del editor, distribuidor, etc. Comisión Coordinadora Sector Recursos Naturales y Medio Ambiente (COSERENAMA),
Fecha de publicación, distribución, etc. 1999
300 ## - DESCRIPCIÓN FÍSICA
Extensión 101 p.
440 #0 - MENCIÓN DE SERIE/PUNTO DE ACCESO ADICIONAL--TÍTULO
Título Documentos de la reforma ;
Designación de volumen o secuencia 2
650 #0 - PUNTO DE ACCESO ADICIONAL DE MATERIA--TÉRMINO DE MATERIA
Término de materia o nombre geográfico como elemento de entrada Environmental law
Subdivisión geográfica Dominican Republic
Subdivisión de forma Digests.
650 #4 - PUNTO DE ACCESO ADICIONAL DE MATERIA--TÉRMINO DE MATERIA
Término de materia o nombre geográfico como elemento de entrada Control ambiental
Subdivisión de forma República Dominicana
650 #4 - PUNTO DE ACCESO ADICIONAL DE MATERIA--TÉRMINO DE MATERIA
Término de materia o nombre geográfico como elemento de entrada Conservación de los recuersos naturales
942 ## - ELEMENTOS DE ENTRADA SECUNDARIOS (KOHA)
Fuente del sistema de clasificación o colocación Clasificación de Library of Congress
Tipo de ítem Koha
Holdings
Estatus retirado Estado de pérdida Fuente del sistema de clasificación o colocación Estado de daño No para préstamo Colección Biblioteca de origen Biblioteca actual Ubicación en estantería Fecha de adquisición Serial enumeration / chronology Signatura topográfica completa Código de barras Visto por última vez Copia número Tipo de ítem Koha
    Clasificación de Library of Congress     Ciencias Sociales Biblioteca Juan Bosch Biblioteca Juan Bosch Ciencias Sociales (3er. Piso) 24/10/2018 1 KGQ 3421 R426p 1999 00000007202 24/10/2018 1